Učitavanje...

Advanced genetic analysis : finding meaning in a genome /

Advanced Genetic Analysis brings a state-of-the-art, exciting new approach to genetic analysis. Focusing on the underlying principles of modern genetic analysis, this book provides the 'how' and 'why' of the essential analytical tools needed. The author's vibrant, accessible...

Cijeli opis

Bibliografski detalji
Glavni autor: Hawley, R Scott
Daljnji autori: Michelle Y Walker
Format: Printed Book
Jezik:English
Izdano: USA: Blackell Science, 2003.
Teme:
LEADER 01243nam a22001937a 4500
008 140425b xxu||||| |||| 00| 0 eng d
020 |a 9781405103367 
082 |a 576.5 
100 |a Hawley, R Scott 
245 |a Advanced genetic analysis :  |b finding meaning in a genome /  |c R. Scott Hawley and Michelle Y. Walker. 
260 |a USA:  |b Blackell Science,  |c 2003. 
300 |c 26cm. 
520 |a Advanced Genetic Analysis brings a state-of-the-art, exciting new approach to genetic analysis. Focusing on the underlying principles of modern genetic analysis, this book provides the 'how' and 'why' of the essential analytical tools needed. The author's vibrant, accessible style provides an easy guide to difficult genetic concepts, from mutation and gene function to gene mapping and chromosome segregation. Throughout, a balanced range of model organisms and timely examples are used to illustrate the theoretical basics.  
650 7 |2 fast  |9 1004430  |a Genetics  |x Research  |x Methodology 
650 7 |2 fast  |9 1003991  |a Gene mapping 
700 |a Michelle Y Walker 
942 |2 ddc  |c BK 
999 |c 151908  |d 151908 
952 |0 0  |1 0  |4 0  |6 576_500000000000000_HAW_A  |7 0  |9 162371  |a BIO  |b BIO  |c ST1  |d 2018-08-23  |g 0.00  |i 1133  |l 0  |o 576.5 HAW/ A  |p BIO1133  |r 2012-10-04  |w 2018-08-10  |y BK